[Event "Challenge"]
[Site "http://www.queenalice.com/game.php?id=1397961"]
[Date "2015.12.8"]
[Round "-"]
[White "edudanielvm"]
[Black "Adrianovlg"]
[Result "0-1"]
[WhiteElo "2126"]
[BlackElo "2082"]

1. e4 c5 2. c3 d5 3. exd5 Qxd5 4. d4 e6 5. Nf3 Nf6 6. Bd3 Nc6 7. O-O Be7 8. Be3
O-O 9. Nbd2 Rd8 10. Re1 cxd4 11. Nxd4 Nxd4 12. cxd4 b6 13. Bc4 Qf5 14. Nf1 Bd6
15. Ng3 Bxg3 16. hxg3 Ng4 17. Qf3 Qxf3 18. gxf3 Nf6 19. Rec1 Bb7 20. Be2 Rd7 21.
Rc2 Rad8 22. Rac1 Nd5 23. a3 a6 24. b3 f5 25. Bg5 Rf8 26. Bf1 Nf6 27. Be2 h6 28.
Be3 Nd5 29. Bd2 g5 30. Kg2 f4 31. Kh3 Rdf7 32. a4 a5 0-1

[Event "Challenge"]
[Site "http://www.queenalice.com/game.php?id=1397962"]
[Date "2015.12.8"]
[Round "-"]
[White "edudanielvm"]
[Black "Tonto"]
[Result "1-0"]
[WhiteElo "2155"]
[BlackElo "1896"]

1. Nf3 d5 2. g3 e5 3. d3 Nc6 4. Bg2 h6 5. Nbd2 Nf6 6. b3 Be7 7. Bb2 Be6 8. c4 d4
9. O-O Qd7 10. a3 Bh3 11. b4 Bxg2 12. Kxg2 a6 13. b5 axb5 14. cxb5 Na5 15. Nxe5
Qd5+ 16. Nef3 Qxb5 17. Bxd4 O-O 18. Rb1 Qd5 19. Qc1 c5 20. Bc3 Ng4 21. h3 Nf6
22. Rb5 Nd7 23. Bxa5 Rfe8 24. Qc4 Qf5 25. Qb3 g5 26. Bc7 h5 27. e4 Qf6 28. Rxb7
Bd6 29. Bxd6 Qxd6 30. Nxg5 Re7 31. Nc4 Qf6 32. f4 Rae8 33. Ne3 Qd6 34. e5 Qc6+
35. Nd5 c4 36. dxc4 Nc5 37. Qb1 f6 38. Qg6+ Kf8 39. Nh7+ Rxh7 40. Rxh7 1-0

[Event "Challenge"]
[Site "http://www.queenalice.com/game.php?id=1397967"]
[Date "2015.12.8"]
[Round "-"]
[White "edudanielvm"]
[Black "lfcanales"]
[Result "1-0"]
[WhiteElo "2047"]
[BlackElo "2092"]

1. e4 e5 2. d4 exd4 3. c3 dxc3 4. Bc4 cxb2 5. Bxb2 Bb4+ 6. Nc3 Qe7 7. Ne2 Qxe4
8. O-O Qg6 9. a3 Ba5 10. Nf4 Qh6 11. Qd5 Qxf4 12. Ne4 Ne7 13. Qxa5 Qxe4 14. Qxc7
Nbc6 15. Ba2 O-O 16. Rfe1 Qg6 17. Rac1 d5 18. Rxe7 Nxe7 19. Qxe7 Qe6 20. Qg5 f6
21. Qxd5 Qxd5 22. Bxd5+ Kh8 23. Rc7 Rd8 24. Bf3 Bf5 25. g4 Be6 26. g5 Rd2 27.
Bc3 Rd7 28. Rxd7 Bxd7 29. gxf6 gxf6 30. Bxf6+ Kg8 31. Bxb7 Rb8 32. Bd5+ Kf8 33.
Bd4 Bh3 34. Be4 h5 35. Bxa7 Rb2 36. f4 Kf7 37. Bd4 Ra2 38. Bd5+ 1-0

[Event "Challenge"]
[Site "http://www.queenalice.com/game.php?id=1397968"]
[Date "2015.12.8"]
[Round "-"]
[White "edudanielvm"]
[Black "mvson33"]
[Result "1-0"]
[WhiteElo "1873"]
[BlackElo "2048"]

1. e4 d5 2. exd5 Qxd5 3. Nc3 Qa5 4. d4 c6 5. Nf3 Bg4 6. Be2 Nf6 7. O-O e6 8. h3
Bf5 9. Bg5 Nbd7 10. Re1 Be7 11. Nh4 Bg6 12. Nxg6 hxg6 13. Qd2 O-O-O 14. a3 Rh5
15. Bxh5 gxh5 16. b4 Qf5 17. Rad1 Nb6 18. Re5 Qh7 19. Qe2 Rh8 20. Ra5 a6 21.
Rxa6 bxa6 22. Qxa6+ Kc7 23. Qa7+ Kc8 24. Qxb6 Kd7 25. b5 Rc8 26. Qb7+ Kd8 27. d5
Rc7 28. dxe6+ Nd5 29. Qb8+ Rc8 30. Rxd5+ cxd5 31. Qd6+ 1-0

[Event "Challenge"]
[Site "http://www.queenalice.com/game.php?id=1397972"]
[Date "2015.12.8"]
[Round "-"]
[White "edudanielvm"]
[Black "Fauquinelle"]
[Result "1-0"]
[WhiteElo "2107"]
[BlackElo "2066"]

1. e4 e5 2. d4 exd4 3. c3 dxc3 4. Bc4 c2 5. Qd5 Qe7 6. Nc3 c6 7. Qd3 d6 8. Nf3
Be6 9. Bxe6 Qxe6 10. Nd4 Qg6 11. O-O Na6 12. Nxc6 Nc5 13. Qb5 Qe6 14. Nd4+ Qd7
15. Qe2 Be7 16. Nf5 g6 17. Nxe7 Nxe7 18. Bh6 f6 19. Bg7 O-O-O 20. Bxh8 Rxh8 21.
Rac1 Nc6 22. Qxc2 Kb8 23. Rfd1 Ne5 24. b4 Ne6 25. Nd5 1-0

[Event "Challenge"]
[Site "http://www.queenalice.com/game.php?id=1397973"]
[Date "2015.12.8"]
[Round "-"]
[White "edudanielvm"]
[Black "Elias26"]
[Result "1-0"]
[WhiteElo "2090"]
[BlackElo "1396"]

1. e4 c5 2. c3 Nc6 3. d4 cxd4 4. cxd4 d5 5. exd5 Qxd5 6. Nf3 Nf6 7. Nc3 Qd8 8.
g3 Bg4 9. Bg2 Nxd4 10. O-O Nxf3+ 11. Bxf3 Bxf3 12. Qxf3 e6 13. Qxb7 Bc5 14. Qb5+
Nd7 15. Rd1 Rb8 16. Rxd7 Qxd7 17. Qxb8+ Qd8 18. Qb5+ 1-0

[Event "Challenge"]
[Site "http://www.queenalice.com/game.php?id=1397974"]
[Date "2015.12.8"]
[Round "-"]
[White "edudanielvm"]
[Black "Marcelo_Bruno"]
[Result "0-1"]
[WhiteElo "2159"]
[BlackElo "1941"]

1. e4 e5 2. d4 exd4 3. Nf3 Nc6 4. Nxd4 Qh4 5. Nc3 Bb4 6. Be2 Bxc3+ 7. bxc3 Qxe4
8. O-O Nf6 9. Re1 O-O 10. Bf3 Qg6 11. Nxc6 dxc6 12. Qe2 Bf5 13. Ba3 Rfe8 14. Qc4
Bxc2 15. Be7 Bf5 16. Qb4 Rab8 17. Qd4 Nd5 18. Bxd5 cxd5 19. Qxd5 c6 20. Qd6 Qxd6
21. Bxd6 Rxe1+ 22. Rxe1 Rd8 23. Bc7 Rc8 24. Re7 Be6 25. a3 Bc4 26. f3 Ba6 27.
Kf2 Kf8 28. Bd6 Kg8 29. Bc5 b6 30. Rxa7 bxc5 31. Rxa6 Kf8 32. Ra5 Rb8 33. Rxc5
Rb6 34. Rc4 Ke7 35. Rb4 Ra6 36. a4 c5 0-1

[Event "Challenge"]
[Site "http://www.queenalice.com/game.php?id=1397975"]
[Date "2015.12.8"]
[Round "-"]
[White "edudanielvm"]
[Black "altair"]
[Result "1-0"]
[WhiteElo "2032"]
[BlackElo "1811"]

1. e4 e5 2. d4 Nc6 3. Nf3 d6 4. dxe5 dxe5 5. Qxd8+ Kxd8 6. Nc3 a6 7. Bg5+ f6 8.
O-O-O+ Bd6 9. Be3 Be6 10. Nd5 Nge7 11. Bc4 b5 12. Nxe7 Kxe7 13. Bxe6 Kxe6 14. c3
Na5 15. b3 c5 16. Ne1 c4 17. Kb2 cxb3 18. axb3 b4 19. c4 Nc6 20. Nd3 a5 21. Nc5+
Bxc5 22. Bxc5 a4 23. Rd6+ Kf7 24. Rxc6 a3+ 25. Ka2 Rhd8 26. Bxb4 Rd4 27. Rc7+
Kg6 28. Re1 h5 29. Re2 Kh6 30. f3 Rad8 31. Ra7 Rd1 32. Kxa3 Ra1+ 33. Ra2 Rdd1
34. c5 Rxa2+ 35. Kxa2 Rh1 36. Bd2+ Kg6 37. c6 Rd1 38. Rd7 1-0

[Event "Challenge"]
[Site "http://www.queenalice.com/game.php?id=1397976"]
[Date "2015.12.8"]
[Round "-"]
[White "Guilhermerocha"]
[Black "edudanielvm"]
[Result "0-1"]
[WhiteElo "1693"]
[BlackElo "1500"]

1. e4 Nc6 2. d4 e5 3. d5 Nce7 4. Bc4 Ng6 5. Nf3 Nf6 6. Bg5 d6 7. O-O Be7 8. h4
Bg4 9. Nbd2 Nh5 10. Be2 O-O 11. g3 f5 12. Kg2 Bxg5 13. Nxg5 Bxe2 14. Qxe2 Nhf4+
15. gxf4 Nxf4+ 16. Kf3 Nxe2 17. Kxe2 h6 18. Ngf3 fxe4 19. Nxe4 Qd7 20. b3 Qg4
21. Nd2 e4 22. Rg1 exf3+ 23. Nxf3 Qxf3+ 0-1

[Event "Challenge"]
[Site "http://www.queenalice.com/game.php?id=1397978"]
[Date "2015.12.8"]
[Round "-"]
[White "favazza2007"]
[Black "edudanielvm"]
[Result "0-1"]
[WhiteElo "2071"]
[BlackElo "2144"]

1. e4 e6 2. d4 d5 3. e5 c5 4. Nf3 Nc6 5. dxc5 Bxc5 6. c3 Qc7 7. Bf4 Nge7 8. b4
Ng6 9. Bg3 Be7 10. Bb5 O-O 11. Bxc6 Qxc6 12. O-O Bd7 13. Qc1 a5 14. Nd4 Qc7 15.
b5 Nxe5 16. Nd2 Bd6 17. Bxe5 Bxe5 18. N2f3 Bd6 19. a4 e5 20. Ne2 e4 21. Nfd4
Bxh2+ 22. Kh1 Be5 23. g3 Bh3 24. Rd1 Bg4 25. Qe3 Qc4 26. Rd2 Rac8 27. Ra3 f5 28.
Ne6 Rf6 29. N6f4 Bf3+ 30. Kg1 Rh6 31. Ng2 f4 32. gxf4 d4 33. cxd4 Qc1+ 34. Nxc1
Rxc1+ 35. Qe1 Rxe1+ 36. Nxe1 Rh1# 0-1

[Event "Challenge"]
[Site "http://www.queenalice.com/game.php?id=1397980"]
[Date "2015.12.8"]
[Round "-"]
[White "Adrianovlg"]
[Black "edudanielvm"]
[Result "1-0"]
[WhiteElo "2061"]
[BlackElo "2140"]

1. e4 Nc6 2. d4 e5 3. d5 Nce7 4. f4 Ng6 5. Qf3 Nf6 6. Ne2 d6 7. f5 Ne7 8. Nbc3
c6 9. dxc6 Nxc6 10. Be3 Be7 11. O-O-O O-O 12. g4 Nd7 13. h4 b6 14. Nd5 Ba6 15.
g5 Kh8 16. f6 gxf6 17. Ng3 Bxf1 18. Rdxf1 Rg8 19. Nf5 Bf8 20. gxf6 Nd4 21. Nxd4
exd4 22. Bxd4 Ne5 23. Bxe5 dxe5 24. Qh5 Rg6 25. Qxe5 Qd6 26. Qxd6 Bxd6 27. h5
Rg4 28. Re1 Re8 29. Nc3 Bf4+ 30. Kd1 Be5 31. Rhf1 Bxc3 32. bxc3 1-0

[Event "Challenge"]
[Site "http://www.queenalice.com/game.php?id=1397981"]
[Date "2015.12.8"]
[Round "-"]
[White "Tonto"]
[Black "edudanielvm"]
[Result "0-1"]
[WhiteElo "1977"]
[BlackElo "2093"]

1. e4 Nc6 2. d4 e5 3. d5 Nce7 4. c4 Ng6 5. Nf3 Nf6 6. Nc3 Bb4 7. Bd2 O-O 8. a3
Bxc3 9. Bxc3 d6 10. Bd3 Nh5 11. b4 f5 12. h4 Nhf4 13. h5 Nxd3+ 14. Qxd3 Nf4 15.
Qc2 fxe4 16. Nh4 Nd3+ 17. Kf1 Nxf2 18. Ke2 Bg4+ 19. Nf3 exf3+ 20. Kxf2 fxg2+ 21.
Kxg2 Bf3+ 22. Kf2 Qg5 23. Rag1 Bxh5+ 24. Ke1 Qe3+ 0-1

[Event "Challenge"]
[Site "http://www.queenalice.com/game.php?id=1397986"]
[Date "2015.12.8"]
[Round "-"]
[White "lfcanales"]
[Black "edudanielvm"]
[Result "0-1"]
[WhiteElo "2086"]
[BlackElo "1937"]

1. e4 Nc6 2. d4 e5 3. d5 Nce7 4. Bg5 f6 5. Be3 Ng6 6. a3 d6 7. Nc3 c6 8. Nf3
N8e7 9. Bd3 cxd5 10. exd5 Bg4 11. h3 Bxf3 12. Qxf3 f5 13. Bxf5 Nxf5 14. Qxf5 Qd7
15. Qxd7+ Kxd7 16. O-O Be7 17. f4 exf4 18. Bxf4 Nxf4 19. Rxf4 Rhf8 20. Raf1 Rxf4
21. Rxf4 Bf6 22. Rf3 Rc8 23. Rg3 Be5 24. Rf3 Ke7 25. Kf1 Bxc3 26. Rxc3 Rxc3 27.
bxc3 Kf6 28. Ke2 Ke5 29. Kd3 Kxd5 30. h4 b5 31. h5 a5 32. g3 a4 0-1

[Event "Challenge"]
[Site "http://www.queenalice.com/game.php?id=1397987"]
[Date "2015.12.8"]
[Round "-"]
[White "mvson33"]
[Black "edudanielvm"]
[Result "0-1"]
[WhiteElo "1976"]
[BlackElo "1772"]

1. Nf3 c6 2. d4 d6 3. e4 Qc7 4. Be2 Bg4 5. O-O Nd7 6. c4 e5 7. d5 Ngf6 8. Nc3
Be7 9. Be3 O-O 10. Re1 a5 11. Rc1 a4 12. a3 Nc5 13. Qc2 Nb3 14. Rcd1 cxd5 15.
exd5 Bd7 16. Qd3 Nc5 17. Qd2 Ng4 18. Bg5 f6 19. Bh4 Nh6 20. Nxe5 Nb3 21. Qd3 Bf5
22. Qg3 fxe5 23. Bxe7 Qxe7 24. Nxa4 Bc2 0-1

[Event "Challenge"]
[Site "http://www.queenalice.com/game.php?id=1397989"]
[Date "2015.12.8"]
[Round "-"]
[White "Gadou"]
[Black "edudanielvm"]
[Result "0-1"]
[WhiteElo "1473"]
[BlackElo "2081"]

1. e4 Nc6 2. c3 e5 3. Bc4 Bc5 4. Qf3 Nf6 5. d3 O-O 6. a3 d6 7. b4 Bb6 8. h3 h6
9. Bxh6 gxh6 10. Qg3+ Kh7 11. Nf3 Rg8 12. Ng5+ Rxg5 13. Qf3 Qe7 14. g4 Nd8 15.
b5 Ne6 16. Bxe6 Bxe6 17. Nd2 d5 18. c4 dxc4 19. dxc4 Ba5 20. Qd1 Nxe4 21. Qc2 f5
22. h4 Bxd2+ 23. Ke2 Rxg4 24. Rag1 Qc5 25. Rxg4 Qxf2+ 26. Kd1 Qf3# 0-1

[Event "Challenge"]
[Site "http://www.queenalice.com/game.php?id=1397991"]
[Date "2015.12.8"]
[Round "-"]
[White "Fauquinelle"]
[Black "edudanielvm"]
[Result "0-1"]
[WhiteElo "2032"]
[BlackElo "1992"]

1. e4 Nc6 2. d4 e5 3. d5 Nce7 4. f4 Ng6 5. Qf3 d6 6. f5 N6e7 7. Bg5 c6 8. dxc6
bxc6 9. Na3 f6 10. Be3 d5 11. c3 dxe4 12. Qxe4 Qd5 13. Bd3 Bxf5 14. Qxd5 Nxd5
15. Ke2 Bxa3 16. bxa3 Nxc3+ 0-1

[Event "Challenge"]
[Site "http://www.queenalice.com/game.php?id=1397992"]
[Date "2015.12.8"]
[Round "-"]
[White "altair"]
[Black "edudanielvm"]
[Result "0-1"]
[WhiteElo "1819"]
[BlackElo "2081"]

1. e4 Nc6 2. d3 e5 3. a3 Nf6 4. Nc3 d6 5. h3 Be7 6. Nf3 O-O 7. Be2 Be6 8. Be3 d5
9. exd5 Nxd5 10. Nxd5 Bxd5 11. c4 Bxf3 12. Bxf3 Qd6 13. O-O Rad8 14. Be2 f5 15.
b4 Nd4 16. c5 Nxe2+ 17. Qxe2 Qxd3 18. Qf3 f4 19. Bc1 Qxf3 20. gxf3 Rd3 21. Kg2
Rf6 22. Bb2 Rg6+ 23. Kh2 Bf6 24. Rg1 Rd2 25. Rxg6 hxg6 26. Bc3 Rxf2+ 27. Kg1
Rxf3 28. Bb2 Rb3 29. Ra2 Rxh3 30. a4 g5 31. b5 g6 32. Ra1 g4 33. Re1 g3 34. Bxe5
f3 35. Re3 f2+ 36. Kg2 Rh1 37. Rf3 Rg1+ 38. Kh3 Bxe5 0-1

[Event "Challenge"]
[Site "http://www.queenalice.com/game.php?id=1397993"]
[Date "2015.12.8"]
[Round "-"]
[White "Elias26"]
[Black "edudanielvm"]
[Result "0-1"]
[WhiteElo "1396"]
[BlackElo "2090"]

1. d4 c6 2. c4 d6 3. Nc3 Qc7 4. Nf3 Bg4 5. e4 Nd7 6. Be2 e5 7. O-O Ngf6 8. d5
Be7 9. b4 O-O 10. Nh4 Nxe4 11. Nxe4 Bxe2 12. Qxe2 Bxh4 13. Qg4 f5 14. Qxh4 fxe4
15. Qxe4 Nf6 16. Qd3 cxd5 17. cxd5 Qf7 0-1

[Event "Challenge"]
[Site "http://www.queenalice.com/game.php?id=1397994"]
[Date "2015.12.8"]
[Round "-"]
[White "Marcelo_Bruno"]
[Black "edudanielvm"]
[Result "0-1"]
[WhiteElo "1941"]
[BlackElo "2123"]

1. e4 Nc6 2. d4 e5 3. d5 Nce7 4. Nf3 Ng6 5. Bc4 Nf6 6. Qe2 d6 7. Bg5 Be7 8. Nc3
c6 9. dxc6 bxc6 10. Rd1 O-O 11. O-O Bg4 12. h3 Be6 13. Bxf6 Bxf6 14. Bxe6 fxe6
15. Qa6 Qd7 16. Rd2 d5 17. exd5 exd5 18. Rfd1 e4 19. Nd4 Rac8 20. Nce2 Bg5 21.
f4 exf3 22. Nxf3 Rxf3 23. gxf3 Qxh3 24. Nc3 Be3+ 25. Rf2 Nf4 26. Qf1 Qg3+ 27.
Kh1 Bxf2 28. Rd2 Qh4+ 0-1